000 00791nam a2200193 a 4500
008 120416s1992 ||||||||||||||||| || u
020 _a052143565X
050 _aTS 227 Dav
100 _aDavies, Arthur Cyrill
245 1 4 _aThe science and practice of welding, vols. 1 [and] 2
250 _a10th ed.
260 _aCambridge
_bCambridge University Press
_c1992
300 _axiii, 347p. : ill.
350 _a0.00
650 7 _aTECHNOLOGY
_2fast
650 _aWELDING
995 _aMAIN LIBRARY OPEN ACCESS
_D0.00
_e028244
_FCBU-MAIN LIBRARY (Kitwe)
_H2
_I12.60
_jTS 227 Dav
_M1
_UAVAILABLE
_y028244
_ZMain Library Open Access Collection
995 _aMAIN LIBRARY OPEN ACCESS
_D0.00
_e731029
_FCBU-MAIN LIBRARY (Kitwe)
_H1
_I12.60
_jTS 227 Dav
_M2
_UAVAILABLE
_y028243
_ZMain Library Open Access Collection
999 _c80347
_d80347